000 01015cam a2200217 4500
001 WB3701-45
008 000000n2000 000 0 eng u
035 _a(Sirsi) u110146
245 _aLocal transport boost
260 _c2000
490 _aDETR Press Release
_v(775) 14 December 2000, (7)
520 _aDeputy Prime Minister John Prescott has announced an £8.4bn boost for local transport. £4.4bn of this will be available for local transport, covering major projects as well as a range of smaller schemes, and the remainder will be invested in roads. Provides details of local projects that have been given the go-ahead. These include light rail schemes, new bypasses, relief roads and advanced bus systems.
590 _aWB
650 _aLOCAL TRANSPORT PLANS
650 _aPROPERTY-INFRASTRUCTURE-TRANSPORT INFRASTRUCTURE-ROAD INFRASTRUCTURE
650 _aPUBLIC TRANSPORT
650 _aROAD SAFETY
650 _aTRANSPORT INVESTMENT
690 _aTRANSPORT AND COMMUNICATIONS
942 _n0
999 _c65683
_d65683